000 00726nam a2200289Ia 4500
005 20260324134112.0
008 008 260324s9999 xx 000 0 eng d
020 _a9780203994375
037 _aEBOOK
040 _aCRL
040 _beng
040 _cCRL
041 _2eng
041 _aeng
084 _qCRL
100 _aNick Clough; Cathie Holden
_91195581
245 0 _aEducation for Citizenship: Ideas into Action
245 2 _bA Practical Guide for Teachers of Pupils Aged 7-14
260 _bTaylor and Francis
260 _c2002
365 _a
365 _b205
856 _uhttp://www.taylorfrancis.com/books/9780203994375
942 _cEBOOK
999 _c1795293
_d1795293